Motor vehicle laws : (Record no. 81514)

MARC details
000 -LEADER
fixed length control field 01009nam a22002417a 4500
005 - DATE AND TIME OF LATEST TRANSACTION
control field 20140212111712.0
010 ## - LCCN (DPL NO)
LC control number ENG-109017-18
020 ## - INTERNATIONAL STANDARD BOOK NUMBER
International Standard Book Number 9788180389177(set)
Terms of availability 3995.00(set of 2 vols.)
020 ## - INTERNATIONAL STANDARD BOOK NUMBER
International Standard Book Number 9788180389313(v.1)
Terms of availability 3995.00(set of 2 vols.)
020 ## - INTERNATIONAL STANDARD BOOK NUMBER
International Standard Book Number 9788180389320(v.2)
Terms of availability 3995.00(set of 2 vols.)
035 ## - SYSTEM CONTROL NUMBER
System control number EN-92550-551
037 ## - SOURCE OF ACQUISITION
Source of stock number/acquisition DBAD/PUB
082 ## - DEWEY DECIMAL CLASSIFICATION NUMBER
Classification number 343.540944
245 ## - TITLE STATEMENT
Title Motor vehicle laws :
Statement of responsibility, etc by Kannan [and] N. Vijayaraghavan
Remainder of title a comprehensive examination of motor vehicles law with special focus on law relating to insurance, entitlement and compensation /
250 ## - EDITION STATEMENT
Edition statement 14th ed
260 ## - PUBLICATION, DISTRIBUTION, ETC. (IMPRINT)
Place of publication, distribution, etc Gurgaon
Name of publisher, distributor, etc Lexis Nexis
Date of publication, distribution, etc 2013
270 ## - ADDRESS
Address 14th floor, Building No 10, Tower-B, DLF Cyber City, Phase-ll,
City Gurgaon
Postal code 122002
300 ## - PHYSICAL DESCRIPTION
Extent 2V.(xciv,13621-96p.; viii-cxxv,1364-3248; 1-96p.)
Dimensions 25cm(Hb)
500 ## - GENERAL NOTE
General note Includes index
505 ## - FORMATTED CONTENTS NOTE
Formatted contents note V.1- section 1-164 ; V.2- section-165-217 A
700 ## - ADDED ENTRY--PERSONAL NAME
Personal name Vijayaraghavan , N.
942 ## - ADDED ENTRY ELEMENTS (KOHA)
Source of classification or shelving scheme Dewey Decimal Classification
Item type English Books
Call number suffix KAN
Classification part 343.540944
Holdings
Withdrawn status Lost status Materials specified (bound volume or other part) Not for loan Collection code Home library Current library Date acquired Source of acquisition Cost, normal purchase price Full call number Barcode Copy number Cost, replacement price Koha item type
    v.1 Not For Loan Non-fiction D.B.Act.Division D.B.Act.Division 26/12/2013 DBAD/PUB 3995.00 343.540944 KAN EN-92550 1 3995.00 English Books
    v.2 Not For Loan Non-fiction D.B.Act.Division D.B.Act.Division 26/12/2013 DBAD/PUB 3995.00 343.540944 KAN EN-92551 1 3995.00 English Books

© Delhi Public Library
Hit Counter
free hit counter